[Event "EY Boys U16 2012"]
[Site "Prague CZE"]
[Date "2012.08.23"]
[Round "7.28"]
[White "Hrdina,R"]
[Black "Kanjaryan,V"]
[Result "1-0"]
[WhiteElo "2024"]
[BlackElo "2091"]

1.e4 c5 2.Nf3 e6 3.d4 cxd4 4.Nxd4 a6 5.Bd3 Nf6 6.Nc3 Qc7 7.O-O Nc6 8.Nb3 b5
9.Kh1 Be7 10.f4 d6 11.Qe2 O-O 12.Bd2 Bb7 13.Rae1 b4 14.Na4 Nd7 15.c3 a5 16.Nd4 Nxd4
17.cxd4 Rfe8 18.Rc1 Qd8 19.e5 f5 20.Bc4 Bf8 21.Bb5 Rb8 22.exd6 Bxd6 23.Nc5 Bc8
24.Ba4 Qe7 25.Rfe1 Kh8 26.Qf2 Qf7 27.Re2 Re7 28.Rce1 Nf6 29.h3 Bxc5 30.dxc5 Ne4
31.Rxe4 fxe4 32.Qd4 h6 33.Qxe4 Rc7 34.Bc2 Qf5 35.Qxf5 exf5 36.Re8+ Kh7 37.Be3 Kg6
38.Bb3 a4 39.Bd5 a3 40.b3 Rb5 41.Re5 Ra5 42.Kh2 Bb7 43.c6 Rxc6 44.Bxc6 Rxe5
45.fxe5 Bxc6 46.Bc5 Be4 47.Bxb4 Bb1 48.Bxa3 Bxa2 49.b4 f4 50.b5 Bd5 51.b6 h5
52.Bc1 Kf5 53.Bxf4 g5 54.g4+ hxg4 55.hxg4+ Ke6 56.Bxg5 Kxe5 57.Kg3 Ke6 58.Kf4 Bb7
59.Bd8 Kd7 60.Bc7 Ke6 61.g5 Bd5 62.Kg4 Be4 63.Kh5 Kf7 64.Kh6 Kg8 65.g6 Bc6
66.g7 Bb7 67.Be5 Bh1 68.Kg6  1-0

[Event "EY Boys U16 2012"]
[Site "Prague CZE"]
[Date "2012.08.23"]
[Round "7.2"]
[White "Zakhartsov,Vl"]
[Black "Drozdowski,K"]
[Result "0-1"]
[WhiteElo "2306"]
[BlackElo "2350"]

1.e4 c5 2.Nf3 e6 3.d4 cxd4 4.Nxd4 a6 5.Bd3 Nf6 6.O-O d6 7.Nc3 g6 8.Qe2 Bg7
9.Nf3 O-O 10.e5 dxe5 11.Nxe5 Qc7 12.Re1 b5 13.a3 Bb7 14.h3 Nc6 15.Bf4 Qb6
16.Qe3 Qxe3 17.Rxe3 Nd4 18.Bg5 Rfd8 19.Ree1 h6 20.Bf4 Rac8 21.Rad1 Nh5 22.Bh2 g5
23.Ne2 Nxe2+ 24.Rxe2 Nf4 25.Bxf4 gxf4 26.c3 Bd5 27.Nf3 Bb3 28.Rdd2 Kf8 29.Be4 Ke7
30.Bb7 Rb8 31.Rxd8 Kxd8 32.Rd2+ Kc7 33.Be4 Rb6 34.Ne1 Rd6 35.Rxd6 Kxd6 36.Kf1 f5
37.Bd3 Bd5 38.Ke2 Ke5 39.a4 bxa4 40.Bxa6 Kd6 41.Bb5 a3 42.bxa3 Bxc3 43.f3 e5
44.Nd3 Ba5 45.Ba6 Be6 46.Nb2 Bc7 47.Bc4 Bd7 48.Nd3 Kc6 49.Nb4+ Kd6 50.Nd3 Bb8
51.Nf2 Kc5 52.Bd3 Kd4 53.a4 Bc7 54.Bb5 Be6 55.Bd3 Bb6 56.Bb1 Kc3 57.Nh1 Bc4+
58.Ke1 e4 59.fxe4 Kb2 60.exf5 Kxb1 61.Nf2 Ba5+ 62.Kd1 Bf1 63.Ne4 Bxg2 64.Nd2+ Ka2
65.Ke2 Bd5 66.Kd3 Bxd2 67.Kxd2 Kb3 68.a5 Kb4 69.a6 Kb5 70.a7 Kb6 71.Kd3 Kxa7
72.f6 f3 73.Ke3 Kb7 74.f7 Bxf7 75.Kxf3 Kc7 76.Kf4 Kd7 77.Kf5 Ke7  0-1

[Event "11th Lichtenberger Sommer 2012"]
[Site "Berlin GER"]
[Date "2012.08.24"]
[Round "7.29"]
[White "Yuan,Y1"]
[Black "Rohde,W"]
[Result "0-1"]
[WhiteElo "1895"]
[BlackElo "2185"]

1.e4 c5 2.Nf3 e6 3.d4 cxd4 4.Nxd4 a6 5.Bd3 Bc5 6.Nb3 Ba7 7.Qe2 Nc6 8.Be3 d6
9.f4 Bxe3 10.Qxe3 Nf6 11.Nc3 Qc7 12.O-O b5 13.Rae1 Qa7 14.a4 b4 15.Nd1 Nd7
16.Qxa7 Rxa7 17.Ne3 Nb6 18.a5 Na4 19.Nc4 Ke7 20.Ra1 Nc5 21.Nxc5 dxc5 22.e5 Bd7
23.Kf2 Nd4 24.Ke3 Bb5 25.Nd6 Rd8 26.Rf2 Bxd3 27.Kxd3 Nb5 28.Kc4 Nxd6+ 29.exd6+ Rxd6
30.Kxc5 Rb7 31.Kc4 b3 32.c3 Rb5 33.Ra4 Rc6+ 34.Kd3 Kd6 35.c4 Rb7 36.Kc3 Kc5
37.Rd2 Rc8 38.g3 Rcb8 39.f5 Kc6 40.fxe6 fxe6 41.Re2 Re7 42.Ra3 Kc5 43.Rxb3 Rxb3+
44.Kxb3 Kd4 45.Rd2+ Ke3 46.Kc3 e5 47.b4 e4 48.b5 axb5 49.cxb5 Rc7+ 50.Kb2 Kxd2
51.a6 Rc5  0-1

[Event "14th Sants Open A"]
[Site "Barcelona ESP"]
[Date "2012.08.25"]
[Round "9.8"]
[White "Gallego Alcaraz,A"]
[Black "Lopez Martinez,Josep"]
[Result "0-1"]
[WhiteElo "2377"]
[BlackElo "2498"]

1.e4 c5 2.Nf3 e6 3.d4 cxd4 4.Nxd4 a6 5.Bd3 Nf6 6.O-O e5 7.Nf3 Nc6 8.Nc3 Bc5
9.Nd5 h6 10.Be3 Bxe3 11.Nxe3 d6 12.c3 O-O 13.Bc2 Be6 14.Qe2 Qb6 15.b4 a5
16.a3 Rac8 17.Rfd1 Rfd8 18.Nd2 Ne7 19.Ndc4 Qc7 20.Bd3 b6 21.Qf3 d5 22.exd5 Nexd5
23.Bf5 Bxf5 24.Qxf5 Nxe3 25.Nxe3 Qxc3 26.bxa5 bxa5 27.h3 Rd4 28.Qb1 Rxd1+
29.Qxd1 g6 30.a4 Qd4 31.Qe1 Ne4 32.Rd1 Qxa4 33.Nd5 Rc5 34.f3 Ng5 35.h4 Nh7
36.h5 gxh5 37.Ne7+ Kg7 38.Nf5+ Kf6 39.Nd6 Ng5 40.Ne4+ Nxe4 41.fxe4 Ke6 42.Qe2 Rc4
43.Qxh5 Rxe4 44.Qxh6+ f6 45.Qh5 Rg4 46.Rd2 Rh4 47.Qf3 Qc4 48.g3 Qc1+ 49.Rd1 Qc5+
50.Kg2 Qc2+ 51.Kf1 Rh1+  0-1

[Event "11th Lichtenberger Sommer 2012"]
[Site "Berlin GER"]
[Date "2012.08.25"]
[Round "8.42"]
[White "Baranowsky,P"]
[Black "Kornrumpf,J"]
[Result "1-0"]
[WhiteElo "1963"]
[BlackElo "2073"]

1.e4 c5 2.Nf3 e6 3.d4 cxd4 4.Nxd4 a6 5.Bd3 Nf6 6.O-O Qc7 7.c4 d6 8.Qe2 Nc6
9.Nxc6 Qxc6 10.Bg5 Be7 11.Nc3 Bd7 12.Rac1 Rc8 13.Nd5 Bd8 14.Kh1 h6 15.Be3 O-O
16.Nxf6+ Bxf6 17.b4 Qa4 18.Rb1 b5 19.e5 Bxe5 20.Bc2 Qxa2 21.Bh7+ Kxh7 22.Qxa2 bxc4
23.f4 Bf6 24.Qc2+ Kg8 25.Rfd1 Be7 26.Bc5 Rc6 27.Bd4 Rfc8 28.b5 axb5 29.Rxb5 Bf8
30.Rb7 Be8 31.Bc3 Ra6 32.Ra1 Rac6 33.Rab1 Rc5 34.Rb8 f5 35.Rxc8 Rxc8 36.Rb7 Bc6
37.Qb2 Bxb7 38.Qxb7 Rc5 39.Qd7 e5 40.Qe6+ Kh8 41.Qe8 Kg8 42.fxe5 dxe5 43.h4 Rc7
44.Qe6+ Kh8 45.Qxe5 Re7 46.Qxf5 Kg8 47.Qd5+ Rf7 48.Qxc4 Be7 49.Qe6 Ba3 50.g4 Be7
51.Kg2 Bxh4 52.Bb4 g6 53.Qxg6+ Rg7 54.Qe8+ Kh7 55.Qe4+ Kg8 56.Qe6+ Kh7 57.Qf5+ Kg8
58.Bc3 Rg5 59.Qe6+  1-0

[Event "BDO Challengers 2012"]
[Site "Haarlem NED"]
[Date "2012.08.27"]
[Round "3.1"]
[White "Lampert,J"]
[Black "Ilic,Zo1"]
[Result "1-0"]
[WhiteElo "2267"]
[BlackElo "2344"]

1.e4 c5 2.Nf3 e6 3.d4 cxd4 4.Nxd4 a6 5.Bd3 Qc7 6.O-O Nf6 7.Qe2 d6 8.c4 g6
9.Nc3 Bg7 10.Be3 O-O 11.Rac1 b6 12.b4 Nbd7 13.f4 Bb7 14.a3 Rac8 15.Nb3 Qb8
16.Rc2 Rfd8 17.Kh1 Qa8 18.Bd4 d5 19.cxd5 exd5 20.e5 Ne4 21.Na4 b5 22.Nac5 Ndxc5
23.Nxc5 Nxc5 24.bxc5 Bc6 25.f5 Re8 26.f6 Bf8 27.e6 Qb7 28.e7 Bh6 29.Qg4  1-0

[Event "37th Trade Fair Open A"]
[Site "Brno CZE"]
[Date "2012.08.28"]
[Round "4"]
[White "Martisek,K"]
[Black "Svobodova,M"]
[Result "1/2-1/2"]
[WhiteElo "1875"]
[BlackElo "2021"]

1.e4 c5 2.Nf3 e6 3.d4 cxd4 4.Nxd4 a6 5.Bd3 Bc5 6.Nf3 Nc6 7.O-O Qc7 8.c3 Nf6
9.Bg5 Be7 10.Nbd2 d6 11.Qc2 Bd7 12.Bh4 Rc8 13.Qd1 O-O 14.Qe2 Ne5 15.Nxe5 dxe5
16.Bxf6 Bxf6 17.Rfd1 Rfd8 18.Nf1 b5 19.Ng3 g6 20.Qf3 Bg7 21.h4 Be8 22.Be2 Qe7
23.h5 Qg5 24.hxg6 hxg6 25.Rxd8 Rxd8 26.Rd1 Rd2 27.Rxd2 Qxd2 28.Qd3 Bh6 29.Qxd2 Bxd2
30.c4 f5 31.b3 Kf7 32.Bd3 Bc6 33.f3 Ke7 34.cxb5 axb5 35.Kf1 Kd6 36.Ke2 Bf4
37.Nf1 Kc5 38.g3 Bg5 39.Ne3 Kd4 40.Nc2+ Kc3 41.Na3 b4 42.Bb5 Bb7 43.Nc4 fxe4
44.fxe4 Bxe4 45.Nxe5 Bf6 46.Bd3 Bxd3+ 47.Nxd3 Be7 48.g4 Bd6 49.Nf2 Kd4 50.Kf3 g5
51.Ne4 Bf4 52.Nf2 e5 53.Ne4 Be3 54.Nd6 Bd2 55.Ne4 Bf4 56.Nd6 Kd3 57.Ne4  1/2-1/2

[Event "World Youth U16 Olympiad 2012"]
[Site "Istanbul TUR"]
[Date "2012.08.29"]
[Round "1.3"]
[White "Artemiev,V"]
[Black "Setiabudi,Megan"]
[Result "1-0"]
[WhiteElo "2476"]
[BlackElo "1801"]

1.e4 c5 2.Nf3 e6 3.d4 cxd4 4.Nxd4 a6 5.Bd3 Qc7 6.O-O Nf6 7.Qe2 d6 8.c4 Be7
9.Nc3 Nbd7 10.f4 b6 11.Bd2 Bb7 12.Rae1 O-O 13.Kh1 Rad8 14.Nf3 Ng4 15.b4 h6
16.Nd4 Ngf6 17.a3 Nb8 18.Nf3 Nfd7 19.Rc1 Nc6 20.Nd5 exd5 21.cxd5 b5 22.dxc6 Bxc6
23.Nd4 Nb8 24.Bc3 g6 25.Ba1 Qd7 26.Rf3 Rfe8 27.Nf5 Bf8 28.Qb2 f6 29.Qxf6 Qh7
30.Rg3  1-0

[Event "World Youth U16 Olympiad 2012"]
[Site "Istanbul TUR"]
[Date "2012.08.30"]
[Round "3.4"]
[White "Cukrowski,F"]
[Black "Chaithanyaa,K"]
[Result "1-0"]
[WhiteElo "2154"]
[BlackElo "2112"]

1.e4 c5 2.Nf3 e6 3.d4 cxd4 4.Nxd4 a6 5.Bd3 Qc7 6.O-O Nf6 7.Qe2 d6 8.c4 g6
9.Nc3 Bg7 10.Be3 O-O 11.Kh1 b6 12.f4 Bb7 13.Rac1 Nbd7 14.b4 Rac8 15.Nb3 Qb8
16.Bd4 Rfd8 17.a4 e5 18.fxe5 dxe5 19.Be3 Qd6 20.b5 Qb4 21.Qc2 Ng4 22.Bg1 Bh6
23.Rb1 Ne3 24.Bxe3 Bxe3 25.bxa6 Ba8 26.Nd5 Bxd5 27.exd5 e4 28.Be2 f5 29.Nd4 Qd6
30.Nc6 Re8 31.a7 Ra8 32.Qc3 Bc5 33.a5 bxa5 34.Qxa5 Ne5 35.Rb8 Nxc6 36.Rxe8+ Kf7
37.dxc6 Kxe8 38.c7 Qc6 39.Rd1 Bb6 40.Rd8+ Kf7 41.Rxa8 Bxa5 42.c8=Q  1-0

[Event "World Youth U16 Olympiad 2012"]
[Site "Istanbul TUR"]
[Date "2012.08.31"]
[Round "4.7"]
[White "Nowicki,B"]
[Black "Artemiev,V"]
[Result "0-1"]
[WhiteElo "2158"]
[BlackElo "2476"]

1.e4 c5 2.Nf3 e6 3.d4 cxd4 4.Nxd4 a6 5.Bd3 Ne7 6.O-O Nbc6 7.Nxc6 Nxc6 8.c4 Bc5
9.Nc3 Qh4 10.Qe1 Ne5 11.Qe2 h5 12.h3 Qg3 13.Be3 Bxe3 14.fxe3 g5 15.Rfd1 g4
16.Qf2 h4 17.Qxg3 hxg3 18.Bf1 b6 19.Rd6 Rb8 20.b3 Ke7 21.Rad1 b5 22.cxb5 axb5
23.Nxb5 Bb7 24.Na3 gxh3 25.gxh3 Bxe4 26.Bg2 Bd5 27.Ra6 Ra8 28.Rxa8 Rxa8 29.Nc4 Nf3+
30.Bxf3 Bxf3 31.Rd2 Rc8 32.Rd4 d5 33.Rf4 dxc4 34.Rxf3 c3 35.Rf1 c2 36.Rc1 Kd6
37.Kg2 Ke5 38.Kxg3 Ke4 39.Kg4  0-1

[Event "World Youth U16 Olympiad 2012"]
[Site "Istanbul TUR"]
[Date "2012.08.31"]
[Round "4.20"]
[White "Pirverdiyev,A"]
[Black "Kanjaryan,V"]
[Result "0-1"]
[WhiteElo "2179"]
[BlackElo "2091"]

1.e4 c5 2.Nf3 e6 3.d4 cxd4 4.Nxd4 a6 5.Bd3 Nf6 6.Qe2 d6 7.c4 e5 8.Nc2 Be7
9.O-O O-O 10.Nc3 Nbd7 11.Be3 Nc5 12.b4 Nxd3 13.Qxd3 Be6 14.Bd2 Rc8 15.Ne3 g6
16.a4 Kg7 17.Ncd5 Nxd5 18.exd5 Bd7 19.f4 Bf6 20.Bc3 Re8 21.c5 e4 22.Bxf6+ Qxf6
23.Qa3 a5 24.Kh1 Qd4 25.Nc2 axb4 26.Nxd4 bxa3 27.c6 bxc6 28.dxc6 Bxc6 29.Rxa3 Ba8
30.Nb5 Rc2 31.Re3 d5 32.f5 gxf5 33.Rg3+ Kf8 34.Nd6 f4 35.Rg4 Rd8 36.Rgxf4 Rxd6
37.Rxf7+ Kg8 38.Rf8+ Kg7 39.Rxa8 d4 40.Ra7+ Kg6 41.h4 d3 42.h5+ Kh6 43.Rff7 d2
44.Rxh7+ Kg5 45.Rag7+ Kh4 46.Kh2 d1=Q 47.Rg6  0-1

[Event "37th Trade Fair Open A"]
[Site "Brno CZE"]
[Date "2012.09.01"]
[Round "8"]
[White "Rehurek,L"]
[Black "Svobodova,M"]
[Result "1-0"]
[WhiteElo "2185"]
[BlackElo "2021"]

1.e4 c5 2.Nf3 e6 3.d4 cxd4 4.Nxd4 a6 5.Bd3 Bc5 6.Nb3 Ba7 7.Qe2 Nc6 8.Be3 b5
9.f4 d6 10.O-O Nf6 11.N1d2 Qc7 12.Kh1 Bb7 13.a4 Bxe3 14.Qxe3 b4 15.Rae1 O-O
16.e5 Nd5 17.Qh3 h6 18.exd6 Qxd6 19.Ne4 Qc7 20.f5 exf5 21.Qxf5 Nce7 22.Qf2 f5
23.Nec5 Bc8 24.Qf3 Ra7 25.Bc4 Qd6 26.Rxe7 Rxe7 27.Qxd5+ Qxd5 28.Bxd5+ Kh8
29.Bc4 Rf6 30.Rd1 Kh7 31.Kg1 f4 32.Kf2 g5 33.Bd3+ Kg7 34.Be4 g4 35.Rd4 Rb6
36.a5 Rb8 37.Rd8 Kf6 38.Bd3 Rc7 39.Nxa6 Bxa6 40.Rxb8 Bxd3 41.cxd3 Rc2+ 42.Kf1 Rxb2
43.Rxb4 Rb1+ 44.Ke2 Rb2+ 45.Ke1 Rb1+ 46.Kd2 Rb2+ 47.Kc3 Rxg2 48.Rxf4+ Kg5
49.Ra4 Rxh2 50.a6 g3 51.a7 g2 52.a8=Q g1=Q 53.Qg8+  1-0

[Event "11th Istanbul Open A"]
[Site "Istanbul TUR"]
[Date "2012.09.01"]
[Round "3"]
[White "Amgalanbaatar,R"]
[Black "Tasci,Sabri"]
[Result "1-0"]
[WhiteElo "2115"]
[BlackElo "1883"]

1.e4 c5 2.Nf3 e6 3.d4 cxd4 4.Nxd4 a6 5.Bd3 Qc7 6.Nc3 Nf6 7.Bg5 Be7 8.Qd2 b5
9.O-O-O Bb7 10.Rde1 d6 11.f3 Nbd7 12.Kb1 Nc5 13.g4 h6 14.Be3 b4 15.Nce2 Nxd3
16.cxd3 d5 17.Rc1 Qd6 18.e5 Qxe5 19.Bf4 Ne4 20.dxe4 Qf6 21.e5  1-0

[Event "11th Kesarovski-Stanchev Mem"]
[Site "Sunny Beach BUL"]
[Date "2012.09.02"]
[Round "2.52"]
[White "Valev,Dimitar"]
[Black "Todorov,Y"]
[Result "0-1"]
[WhiteElo "1730"]
[BlackElo "2054"]

1.e4 c5 2.Nf3 e6 3.d4 cxd4 4.Nxd4 a6 5.Bd3 Bc5 6.Nb3 Ba7 7.Qg4 Nf6 8.Qg3 d6
9.O-O O-O 10.Bh6 Ne8 11.Nc3 Nc6 12.Kh1 Kh8 13.Bd2 Qc7 14.f4 Bd7 15.a3 Rc8
16.f5 Ne5 17.fxe6 Bxe6 18.Rac1 Nxd3 19.cxd3 Bxb3 20.Nb5 Qb8 21.Rxc8 Qxc8
22.Nxa7 Qd7 23.Rc1 Be6 24.Rc8 b6 25.Bc3 f6 26.e5 Qxa7 27.Rxe8 Rxe8 28.exf6 Qf7
29.fxg7+ Kg8 30.h4 Bd5 31.Qxd6  0-1

[Event "11th Kesarovski-Stanchev Mem"]
[Site "Sunny Beach BUL"]
[Date "2012.09.02"]
[Round "2.33"]
[White "Stoyanov,Tsvetan"]
[Black "Todorov,O"]
[Result "0-1"]
[WhiteElo "1652"]
[BlackElo "2282"]

1.e4 c5 2.Nf3 e6 3.d4 cxd4 4.Nxd4 a6 5.Bd3 Nf6 6.O-O e5 7.Nb3 d6 8.Nc3 Be7
9.h3 O-O 10.Be3 Nc6 11.Qe2 Be6 12.Rad1 Rc8 13.f4 exf4 14.Bxf4 Ne5 15.Kh1 Qc7
16.Qe3 Rfe8 17.Nd4 Qc5 18.Nxe6 Qxe3 19.Bxe3 fxe6 20.Ne2 Bd8 21.Nf4 Ba5 22.Rf2 Bb4
23.c3 Bc5 24.Bxc5 Rxc5 25.Bc2 Nc4 26.Bb1 Re5 27.Rd4 d5 28.exd5 Re1+ 29.Kh2 Ne3
30.Re2 Nf1+ 31.Kg1 Rxb1  0-1

[Event "World Youth U16 Olympiad 2012"]
[Site "Istanbul TUR"]
[Date "2012.09.03"]
[Round "7.6"]
[White "Bezuidenhout,Roland"]
[Black "Petrosyan,M"]
[Result "0-1"]
[WhiteElo "1942"]
[BlackElo "2286"]

1.e4 c5 2.Nf3 e6 3.d4 cxd4 4.Nxd4 a6 5.Bd3 Qc7 6.O-O Nf6 7.Be3 d6 8.Nd2 Nbd7
9.f4 g6 10.Qf3 Bg7 11.Rae1 O-O 12.Ne2 b5 13.g4 Bb7 14.g5 Nh5 15.c3 f6 16.Nd4 Nc5
17.Bc2 fxg5 18.b4 gxf4 19.bxc5 fxe3 20.Qxe3 Rxf1+ 21.Rxf1 Qxc5 22.N2b3 Qe5
23.Na5 Bd5 24.Nf3 Qxc3 25.Qxc3 Bxc3 26.exd5 Bxa5 27.dxe6 Re8 28.Bb3 Kg7 29.Rc1 Bb6+
30.Kh1 Bc5 31.Ng5 Nf6 32.Nh3 Re7 33.Kg2 a5 34.Re1 a4 35.Bc2 Nd5 36.Kf3 Ne3
37.Bd3 Rxe6 38.Bxb5 Rf6+ 39.Kg3 d5 40.Bxa4  0-1

[Event "World Youth U16 Olympiad 2012"]
[Site "Istanbul TUR"]
[Date "2012.09.03"]
[Round "8.2"]
[White "Sadikhov,U"]
[Black "Kowsarinia,A"]
[Result "1/2-1/2"]
[WhiteElo "2171"]
[BlackElo "2319"]

1.e4 c5 2.Nf3 e6 3.d4 cxd4 4.Nxd4 a6 5.Bd3 Bc5 6.Nb3 Ba7 7.Qg4 Nf6 8.Qg3 d6
9.O-O Nc6 10.Nc3 b5 11.Be3 O-O 12.Rad1 Ne5 13.Bxa7 Rxa7 14.Qe3 Rd7 15.h3 Bb7
16.f4 Nxd3 17.cxd3 d5 18.d4 dxe4 19.Nc5 Rc7 20.Nxb7 Rxb7 21.Nxe4 Nxe4 22.Qxe4 Rd7
23.f5 exf5 24.Rxf5 Re8 25.Re5 Rxe5 26.Qxe5 Rd5 27.Qe4 g6 28.Qf4 Qb6 29.Qe4 Qd6
30.Qe3 Kg7 31.a3 Qc6 32.Rc1 Qf6 33.Rd1 Qd8 34.Qe4 Qd7  1/2-1/2

[Event "World Youth U16 Olympiad 2012"]
[Site "Istanbul TUR"]
[Date "2012.09.04"]
[Round "9.19"]
[White "Radovanovic,Nik"]
[Black "Takacs,Las"]
[Result "1-0"]
[WhiteElo "2184"]
[BlackElo "2164"]

1.e4 c5 2.Nf3 e6 3.d4 cxd4 4.Nxd4 a6 5.Bd3 Bc5 6.Nb3 Be7 7.O-O Nc6 8.f4 d6
9.Qe2 Qc7 10.Be3 Nf6 11.N1d2 O-O 12.Kh1 Nb4 13.a3 Nxd3 14.cxd3 b5 15.Rfc1 Qd7
16.Na5 Bb7 17.Ndb3 Rac8 18.Nxb7 Qxb7 19.Na5 Qd7 20.Qd1 Rxc1 21.Rxc1 Rc8 22.Bb6 Kf8
23.Rc2 Bd8 24.Bxd8 Qxd8 25.Nb7 Qd7 26.Rxc8+ Qxc8 27.Nxd6 Qc6 28.e5 Ng4 29.Qd2 Nh6
30.h3 Nf5 31.Nxf5 exf5 32.Qc3 Qd7 33.Qc5+ Ke8 34.d4 f6 35.d5 fxe5 36.fxe5 Qe7
37.Qxe7+ Kxe7 38.Kh2 g5 39.Kg3 h6 40.Kf3 Kd7 41.Ke3 Ke7 42.Kd4 Kd7 43.Kc5 h5
44.h4 g4 45.Kd4  1-0

[Event "World Youth U16 Olympiad 2012"]
[Site "Istanbul TUR"]
[Date "2012.09.04"]
[Round "9.22"]
[White "Principe,A"]
[Black "Petrosyan,M"]
[Result "0-1"]
[WhiteElo "2228"]
[BlackElo "2286"]

1.e4 c5 2.Nf3 e6 3.d4 cxd4 4.Nxd4 a6 5.Bd3 Nf6 6.O-O e5 7.Nf3 Nc6 8.Bg5 Bc5
9.Nc3 h6 10.Bxf6 Qxf6 11.Nd5 Qd8 12.c3 d6 13.b4 Ba7 14.Bc4 Be6 15.Qd3 O-O
16.Rad1 Rc8 17.Bb3 Ne7 18.Nxe7+ Qxe7 19.Bxe6 Qxe6 20.Qxd6 Rxc3 21.Qd7 Qb6
22.Qd2 Qc7 23.Qd5 Rc2 24.Nxe5 Re8 25.Nf3 Qb6 26.Nd4 Rb2 27.Nf5 Qxb4 28.Nd6 Re6
29.e5 Qf4 30.Nc4 Rxf2 31.Rxf2 Bxf2+ 32.Kh1 b5 33.Nb2 Rxe5 34.Qd8+ Kh7 35.Nd3 Qxh2+  0-1

[Event "World Youth U16 Olympiad 2012"]
[Site "Istanbul TUR"]
[Date "2012.09.05"]
[Round "10.15"]
[White "Sadikhov,U"]
[Black "Vanagas,T"]
[Result "1/2-1/2"]
[WhiteElo "2171"]
[BlackElo "2067"]

1.e4 c5 2.Nf3 e6 3.d4 cxd4 4.Nxd4 a6 5.Bd3 Qc7 6.Qe2 d6 7.O-O Nf6 8.c4 b6
9.Nc3 Be7 10.Be3 Bb7 11.f4 Nbd7 12.f5 e5 13.Nb3 Nc5 14.Nxc5 bxc5 15.Bc2 Bc6
16.Ba4 Bxa4 17.Nxa4 Qb7 18.Nc3 Rb8 19.Qd3 Qc6 20.b3 Bd8 21.Bd2 Ba5 22.Rae1 Bxc3
23.Bxc3 Nd7 24.Rf3 Ke7 25.Bd2 f6 26.Rg3 Rbg8 27.h4 Nb8 28.Bc3 Kf7 29.Rd1 Rd8
30.Qe2 Rd7 31.Rgd3 Qb6 32.Qd2 Ke7 33.Ba5 Qc6 34.b4 cxb4 35.Bxb4 Rhd8 36.Ba5 Rc8
37.Bb4 Rcd8 38.Qc3 Qxe4 39.c5 Nc6 40.cxd6+ Kf8 41.Bc5 Qxf5 42.Bb6 Rc8 43.Rd5 Qe6
44.Qc4 a5 45.a3 Kf7 46.Qa6 Re8 47.Qb5 Nb8 48.Bc7 Na6 49.Bxa5 Nb8 50.Bc7 Na6
51.Qxa6 Rxc7 52.Qb6 Rd7 53.a4 e4 54.Qe3 Red8 55.R1d4 Rxd6 56.Rxd6 Rxd6 57.Rxd6 Qxd6
58.Qxe4 Qd1+ 59.Kf2 Qd2+ 60.Kf3 Qc3+ 61.Ke2 h5 62.Qd5+ Kf8  1/2-1/2

[Event "3rd Livigno Open A"]
[Site "Livigno ITA"]
[Date "2012.09.12"]
[Round "4.1"]
[White "David,Alb"]
[Black "Castellanos Rodriguez,R"]
[Result "1/2-1/2"]
[WhiteElo "2599"]
[BlackElo "2491"]

1.e4 c5 2.Nf3 e6 3.d4 cxd4 4.Nxd4 a6 5.Bd3 Nf6 6.O-O d6 7.c4 b6 8.Nc3 Bb7
9.Qe2 Nbd7 10.f4 Qc7 11.Kh1 Be7 12.Bd2 O-O 13.Rae1 Qc5 14.Nf3 Qh5 15.h3 Rad8
16.a3 Rfe8 17.b4 a5 18.Rb1 axb4 19.axb4 Ra8 20.Rb3 Red8 21.Re1 Ra7 22.Kg1 Rda8
23.Qf1 Ra3 24.Rxa3 Rxa3 25.Ra1 Ra6 26.Rxa6 Bxa6 27.g4 Nxg4 28.hxg4 Qxg4+
29.Qg2 Qh5 30.Ne2 Bb7 31.Ng3 Qg4 32.Be2 Qg6 33.Bc3 Bf6 34.Nd4 Bh4 35.Nf1 Qxg2+
36.Kxg2  1/2-1/2

[Event "TCh-NED Meesterklasse 2012-13"]
[Site "Netherland NED"]
[Date "2012.09.15"]
[Round "1.9"]
[White "Jens,J"]
[Black "Lemmers,O"]
[Result "0-1"]
[WhiteElo "2382"]
[BlackElo "2372"]

1.e4 c5 2.Nf3 e6 3.d4 cxd4 4.Nxd4 a6 5.Bd3 Bc5 6.Nb3 Be7 7.O-O d6 8.c4 Nf6
9.Nc3 b6 10.f4 Nbd7 11.Qf3 Bb7 12.Be3 O-O 13.Rad1 Qc7 14.Qh3 Rfe8 15.g4 g6
16.g5 Nh5 17.f5 Bf8 18.Be2 Ne5 19.Bxh5 gxh5 20.Qxh5 exf5 21.exf5 Nxc4 22.Bf2 Re5
23.Nd4 Nxb2 24.Rc1 Rc5 25.Qe2 Na4 26.Ne4 Rxc1 27.Nf6+ Kh8 28.Qh5 Rxf1+ 29.Kxf1 h6  0-1

[Event "zt 3.5 China Men 2012"]
[Site "Beijing CHN"]
[Date "2012.09.17"]
[Round "6.20"]
[White "Chen Yang"]
[Black "Li,Di"]
[Result "1-0"]
[WhiteElo "2104"]
[BlackElo "2094"]

1.e4 c5 2.Nf3 e6 3.d4 cxd4 4.Nxd4 a6 5.Bd3 Nf6 6.O-O Qc7 7.Qe2 d6 8.Kh1 Be7
9.f4 Nbd7 10.c4 b6 11.Nc3 Bb7 12.f5 e5 13.Nc2 Nc5 14.Bg5 Rc8 15.Bxf6 Bxf6
16.Ne3 Nxd3 17.Qxd3 Bg5 18.Ned5 Qc5 19.Qg3 f6 20.h4 Bh6 21.Qf3 Bxd5 22.Nxd5 Rf8
23.b4 Qc6 24.b5 axb5 25.cxb5 Qc5 26.a4 Rf7 27.Rfd1 Ra7 28.Ra3 Qc2 29.Nxb6 Rc5
30.Rxd6 Bd2 31.Ra1 Bc3 32.Qh5+ g6 33.fxg6 Bxa1 34.gxh7+ Ke7 35.h8=Q Kxd6
36.Qd8+  1-0

[Event "zt 3.5 China Men 2012"]
[Site "Beijing CHN"]
[Date "2012.09.17"]
[Round "6.17"]
[White "Zhang Xiaopeng"]
[Black "Fan,Huifeng"]
[Result "1-0"]
[WhiteElo "2119"]
[BlackElo "2062"]

1.e4 c5 2.Nf3 e6 3.d4 cxd4 4.Nxd4 a6 5.Bd3 Bc5 6.Nb3 Be7 7.Qg4 g6 8.Qe2 d6
9.O-O Nd7 10.a4 b6 11.Na3 Bb7 12.Nc4 Ngf6 13.Bh6 Qc7 14.f3 d5 15.Ncd2 Bf8
16.Bxf8 Kxf8 17.c4 dxe4 18.Nxe4 Kg7 19.Nxf6 Nxf6 20.Qe3 e5 21.a5 b5 22.cxb5 axb5
23.Bxb5 Bd5 24.Rfc1 Qb7 25.Bc4 Bxc4 26.Rxc4 Rab8 27.Ra3 Qd5 28.Rc1 Rhc8 29.Re1 Rc2
30.Qxe5 Qxe5 31.Rxe5 Rxb2 32.Nd4 Rd2 33.Ne2 Nd5 34.a6 f6 35.a7 Ra8 36.Re4 Kf7
37.Kf1 Rb2 38.Rd4 Ne7 39.Rd7 Ke6 40.Rad3 g5 41.Rc7 Rb1+ 42.Kf2 Nd5 43.Rc6+ Kd7
44.Rc5 Rxa7 45.Rcxd5+ Ke6 46.Rd6+ Kf5 47.Ng3+ Kg6 48.Ne4 Ra2+ 49.Kg3 Rbb2
50.Rd2 Rxd2 51.Rxd2 Ra5 52.Rd6 Rf5 53.Rc6 h5 54.Rc5 Rf4 55.Kf2  1-0

[Event "zt 3.5 China Men 2012"]
[Site "Beijing CHN"]
[Date "2012.09.20"]
[Round "11.19"]
[White "Fan,Huifeng"]
[Black "Li,Di"]
[Result "0-1"]
[WhiteElo "2062"]
[BlackElo "2094"]

1.e4 c5 2.Nf3 e6 3.d4 cxd4 4.Nxd4 a6 5.Bd3 Nf6 6.O-O Qc7 7.Qe2 d6 8.c4 g6
9.Nc3 Bg7 10.Rd1 Nbd7 11.Nf3 O-O 12.h3 b6 13.Bf4 Bb7 14.Rac1 Rac8 15.b3 Nh5
16.Be3 Qb8 17.Na4 Bc6 18.Nc3 Nc5 19.Bb1 Bxc3 20.Rxc3 e5 21.Bh6 Ng7 22.Nh4 Nce6
23.Nf5 Qc7 24.Qd2 Rcd8 25.h4 f6 26.Rg3 Rd7 27.Nxg7 Nxg7 28.f4 exf4 29.Bxf4 Re8
30.Bxd6 Qd8 31.b4 Ba4 32.c5 bxc5 33.bxc5 Bxd1 34.Qxd1 Re6 35.h5 Rdxd6 36.cxd6 Qb6+
37.Kh2 Rxd6 38.Qg4 Nxh5 39.Qxh5 Qxb1 40.Qc5 Qb6 41.Qc4+ Kg7 42.Rb3 Qc6 43.Qe2 Re6
44.Re3 Qd6+ 45.g3 Qd4 46.Qe1 h5 47.Re2 Qe5 48.Qf2 Re7 49.Kg2 a5 50.Kf1 a4
51.Re3 f5 52.Qc2 Qd4 53.Re2 fxe4 54.Rd2 Qb4 55.Qb2+ Qxb2 56.Rxb2 Rc7 57.Rb4 a3
58.Kg2 Rc2+ 59.Kh3 e3 60.Rb3 e2 61.Re3 Rxa2  0-1

[Event "DYTM KL Open 2012"]
[Site "Kuala Lumpur MAS"]
[Date "2012.09.20"]
[Round "5.22"]
[White "Legaspi,R"]
[Black "Azman Hisham,Nur Najiha"]
[Result "1-0"]
[WhiteElo "2272"]
[BlackElo "1882"]

1.e4 c5 2.Nf3 e6 3.d4 cxd4 4.Nxd4 a6 5.Bd3 Qc7 6.O-O Nf6 7.Qe2 d6 8.b3 Be7
9.Bb2 O-O 10.Nd2 Nbd7 11.f4 b6 12.Rae1 Re8 13.e5 Nd5 14.c4 Nb4 15.Bb1 Bb7
16.f5 Nxe5 17.fxe6 Bf6 18.Ne4 Qe7 19.Nxf6+ gxf6 20.Nf5 Qf8 21.e7 Rxe7 22.Nxe7+ Qxe7
23.Qh5 Kf8 24.Qxh7 Ke8 25.a3 Nbc6 26.Qh8+ Kd7 27.Qxf6 Rg8 28.Qxe7+ Nxe7 29.Be4 Bxe4
30.Rxe4 f5 31.Re2 Ke6 32.Bd4 b5 33.c5 Nc6 34.Bb2 Rg5 35.cxd6 Kxd6 36.Rd1+ Ke6
37.h4 Rh5 38.g3 Kf6 39.Rd6+ Ke7 40.Rxc6  1-0

[Event "Baku Open 2012"]
[Site "Baku AZE"]
[Date "2012.09.22"]
[Round "1.10"]
[White "Mamedov,Nid"]
[Black "Heydarli,K"]
[Result "1-0"]
[WhiteElo "2614"]
[BlackElo "2309"]

1.e4 c5 2.Nf3 e6 3.d4 cxd4 4.Nxd4 a6 5.Bd3 d5 6.e5 Nc6 7.Nxc6 bxc6 8.O-O Ne7
9.c4 dxc4 10.Bxc4 Qxd1 11.Rxd1 Nd5 12.Nc3 Be7 13.Bd2 O-O 14.Rac1 Bb7 15.Na4 a5
16.b3 Rfd8 17.Bxd5 exd5 18.Be3 Re8 19.Rc2 f6 20.exf6 Bxf6 21.Rcd2 Be7 22.h3 Bd6
23.Rc2 Re4 24.Bc5 Bc7 25.Bb6 Bd6 26.Be3 Rae8 27.Rcc1 Ba3 28.Rb1 Bd6 29.Bd2 Re2
30.Nc3 R2e6 31.Be3 Bb4 32.Rbc1 Bxc3 33.Rxc3 Re4 34.a4 Kf7 35.Kh2 Rd8 36.Bb6 Ra8
37.f3 Re2 38.Rd4 g5 39.f4 h6 40.fxg5 hxg5 41.Rg4 Re5 42.Rc5 Bc8 43.Rg3 g4
44.Rxc6 gxh3 45.Rc7+ Re7 46.Rf3+ Ke8 47.Rxe7+ Kxe7 48.Bc5+ Ke6 49.gxh3 Ke5
50.Re3+ Kf4 51.Re8 Bb7 52.Re7 Bc6 53.Re6 Bb7 54.Rb6 Bc8 55.Rf6+ Ke4 56.Rf8 Bb7
57.Rf7 Bc6 58.Rc7 Be8 59.h4 d4 60.Kg3 d3 61.Re7+ Kd5 62.Be3 Bh5 63.Kf2 Rf8+
64.Ke1 Rb8 65.Bf4 Re8 66.Rxe8 Bxe8 67.Bd2 Bf7 68.Bxa5 Ke4 69.b4 Bb3 70.b5 Bxa4
71.b6 Bc6 72.h5 Kf5 73.h6 Kg6 74.Bd2  1-0

[Event "Dnepropetrovsk Autumn A"]
[Site "Dnepropetrovsk UKR"]
[Date "2012.09.22"]
[Round "8"]
[White "Doluhanova,E"]
[Black "Eidelson,R"]
[Result "1-0"]
[WhiteElo "2247"]
[BlackElo "2184"]

1.e4 c5 2.Nf3 e6 3.d4 cxd4 4.Nxd4 a6 5.Bd3 Ne7 6.O-O Nbc6 7.Nxc6 Nxc6 8.Be3 Be7
9.Nc3 g6 10.f4 d5 11.Bf2 O-O 12.exd5 exd5 13.Qf3 Nb4 14.Rad1 d4 15.Be4 Bf6
16.Ne2 d3 17.cxd3 Nc6 18.d4 Ne7 19.d5 Nf5 20.Nc3 Nd6 21.Bc2 Qa5 22.Ne4 Nxe4
23.Bxe4 Bd7 24.d6 Rac8 25.Bxb7 Rc2 26.Bd5 Rxb2 27.Bb3 Qb4 28.Rfe1 a5 29.Re4 Qb8
30.Re2 Rxe2 31.Qxe2 a4 32.Bd5 Kg7 33.Bf3 Re8 34.Qd2 Qb2 35.h3 a3 36.Bg4 Ba4  1-0